000 00889nam a22003017a 4500
001 5941
003 DO-SdBNP
005 20241011114449.0
007 5941
008 871130s1986 sp spa
020 _a8476347553
040 _aBPMSU
_bspa
_cBPMSU
082 4 _a843.8
_bV531J 1986
_222
100 1 _aVerne, Julio
_d1828-1905
245 1 0 _aJulio Verne :
_bEl rayo verde /
_cJulio Verne ; traducción, S. Nerval
260 _aBarcelona :
_bEdiciones Orbis,
_c1986
300 _a190 p. :
_bil. ;
_c20 cm.
490 0 _aJulio Verne,
_v2
500 _a
534 _pTítulo original :
_tLe rayon-vert.
590 _aInventariado, 2024/VM
650 4 _aNovela juvenil francesa
650 4 _aLiteratura juvenil francesa
700 1 _aNerval, S.
_etraductor
700 1 _aBenett, Léon
_d1839-1916
910 _aVMateo V./ Validado. Control de calidad MFF
942 _2ddc
_cBK
999 _c8659
_d8659